000 00271nam a22000977a 4500
999 _c516704
_d516704
082 _aTNC C4x54 Sa79
100 _aSastry,Kambhampati S
_923271
245 _aConstitution for 21st century India
_cBy Kambhampati S. Sastry
260 _aHyderabad
_bICFAI
_c2004
300 _a166p.